Vista normal
Vista MARC
Entrada Personal Name
Número de registros utilizados en: 1
001 - CONTROL NUMBER
- control field: 1254
003 - CONTROL NUMBER IDENTIFIER
- control field: OSt
005 - DATE AND TIME OF LATEST TRANSACTION
- control field: 20110831100935.0
008 - FIXED-LENGTH DATA ELEMENTS
- fixed length control field: 110831|||a|||||| | ||| d
040 ## - CATALOGING SOURCE
- Original cataloging agency: OSt
- Transcribing agency: OSt
100 ## - HEADING--PERSONAL NAME
- Personal name: Ceccotti, Eduardo Luis.
670 ## - SOURCE DATA FOUND
- Source citation: Work cat.: (OSt)344: Ceccotti, Eduardo Luis., Clínica estomatológica : , 1993.